Knights... or not? Quiz Stats

Quiz not verified by Sporcle

Challenge
Share
Tweet
Embed
Score 0/26 Timer 10:00
0 Plays Today
% Correct
Elton John
96.4%
Paul McCartney
92.9%
Ian McKellen
92.9%
Anthony Hopkins
87.5%
Sean Connery
83.9%
Richard Attenborough
82.1%
Andrew Lloyd-Webber
80.4%
Roger Moore
78.6%
Christopher Lee
76.8%
Mick Jagger
75%
Patrick Stewart
69.6%
Tom Jones
58.9%
Cliff Richard
57.1%
% Correct
Ian Holm
53.6%
Tim Rice
53.6%
Ridley Scott
48.2%
Derek Jacobi
46.4%
Michael Parkinson
44.6%
Terry Wogan
42.9%
George Martin
42.9%
Tom Stoppard
39.3%
Bruce Forsyth
33.9%
James Galway
33.9%
Nicholas Hytner
30.4%
Jonathan Miller
30.4%
David Jason
23.2%

You're not logged in!

Compare scores with friends on all Sporcle quizzes.
Join for Free
OR
Log In

You Might Also Like...

Show Comments

Extras

Top Quizzes Today


Score Distribution

Your Account Isn't Verified!

In order to create a playlist on Sporcle, you need to verify the email address you used during registration. Go to your Sporcle Settings to finish the process.

Report this User

Report this user for behavior that violates our Community Guidelines.

Details: